Malé a stredné podnikanie v stavebníctve na Slovensku
Malé a stredné podnikanie (MSP) v oblasti stavebníctva na Slovensku. Podmienky malého a stredného podnikania v stavebníctve. Výsledky malého a stredného podnikania v stavebníctve. Nový legislatívny systém a nové podmienky financovania MSP v stavebníctve.
Saved in:
| Main Author: | |
|---|---|
| Format: | Book Chapter |
| Language: | Slovak |
| Subjects: | |
| Tags: |
No Tags, Be the first to tag this record!
|
MARC
| LEADER | 00000nla$a2200000$$$4500 | ||
|---|---|---|---|
| 001 | 0076009 | ||
| 005 | 20240502083214.1 | ||
| 041 | 0 | |a slo | |
| 044 | |a CZ | ||
| 245 | 1 | 0 | |a Malé a stredné podnikanie v stavebníctve na Slovensku |c Elena Šúbertová |
| 520 | |a Malé a stredné podnikanie (MSP) v oblasti stavebníctva na Slovensku. Podmienky malého a stredného podnikania v stavebníctve. Výsledky malého a stredného podnikania v stavebníctve. Nový legislatívny systém a nové podmienky financovania MSP v stavebníctve. | ||
| 610 | 2 | 0 | |a podnikanie malé |
| 610 | 2 | 0 | |a podnikanie stredné |
| 610 | 2 | 0 | |a podnik malý |
| 610 | 2 | 0 | |a podnik stredný |
| 610 | 2 | 0 | |a stavebníctvo |
| 610 | 2 | 0 | |a legislatíva |
| 610 | 2 | 0 | |a Slovensko |
| 100 | 1 | |a Šúbertová, Elena | |